| 000 | 00615nam a2200229 a 4500 | ||
|---|---|---|---|
| 005 | 20210219153212.0 | ||
| 008 | 991125n 000 0 u | ||
| 035 | _aUPN01000083953 | ||
| 100 | _aNordquist, GwenEllyn | ||
| 222 | _aEDUCATIONAL LEADERSHIP | ||
| 245 | _aJapanese education : no recipe for authentic learning | ||
| 300 | _a64-67 | ||
| 362 | _a50, No. 7, 1993 | ||
| 505 | _aAgosto 1993 | ||
| 653 | 0 | _aCOMPRENSION | |
| 653 | 0 | _aCONCEPTOS ERRONEOS | |
| 653 | 0 | _aDIFERENCIAS CULTURALES | |
| 653 | 0 | _aEDUCACION COMPARADA | |
| 653 | 0 | _aMEMORIZACION | |
| 904 |
_aAC _b021764 |
||
| 905 | _aArticulo | ||
| 999 |
_c70947 _d70947 |
||